LEADER 00527naa a2200133 i 4500 001 000000329844 003 CaOOAMICUS 005 20180831173628.0 008 180831n it u000 u ita u 013 $a41531 040 $aSeMil$bita 245 10$aMisericordia: un elemento indispensabile dell'evangelizzazione. 773 0 $tBeati misericordes.$dRoma : LAS, 2017.$kQuestioni di diritto canonico$z978-88-213-1277-9$gp.222-233$w()81104 996 $6245$aMisericordia: un elemento indispensabile dell'evangelizzazione$9(OLS)http://semarc/title/418310 LEADER 00635naa a2200145 i 4500 001 000000299184 003 CaOOAMICUS 005 20180831172638.0 008 180831n xx u000 u und u 013 $a6822 040 $aSeMil$bita 100 1 $aBrolis, Maria Teresa.$0(OLS)http://semarc/name/86021 245 10$aMille e pił donne in confraternita :$bil "Consorcium Misericordiae" di Bergamo nel Ducento. 773 0 $tBuon fedele.$dVerona : Cierre, 1998.$kQuaderni di storia religiosa$z88-8314-004-4$w()71153 996 $6245$aMille e pił donne in confraternita :$bil "Consorcium Misericordiae" di Bergamo nel Ducento$9(OLS)http://semarc/title/375206